Województwo sieradzkie 1976-1998 miasta - Statystyki

Ogólne statystyki
  • Ten quiz został rozwiązany 144 razy
  • Średni wynik to 6 z 10
Statystyki odpowiedzi
Liczba mieszkańców Miasto % Poprawnych
45 529 Sieradz
98%
45 850 Zduńska Wola
85%
3 400 Warta
75%
20 139 Łask
66%
25 697 Wieluń
64%
2 100 Błaszki
62%
3 450 Złoczew
59%
7 230 Poddębice
41%
2 000 Szadek
38%
6 200 Działoszyn
26%
Nie znaleziono quizów pasujących do podanych kryteriów
Rozkład punktacji
Procent ludzi z każdym wynikiem
Percentyl według liczby udzielonych odpowiedzi
Twoja historia wyników
Nie rozwiązałeś tego quizu